Mittel-, Ost- und Südosteuropa von der EU-Krise voll erfasst (Record no. 7080)

MARC details
000 -LEADER
fixed length control field 01795nam a22005897i 4500
001 - CONTROL NUMBER
control field 8465
003 - CONTROL NUMBER IDENTIFIER
control field OSt
005 - DATE AND TIME OF LATEST TRANSACTION
control field 20180829175519.0
008 - FIXED-LENGTH DATA ELEMENTS--GENERAL INFORMATION
fixed length control field 161220t2013 au |||||||||||||||||ger|d
024 7# - OTHER STANDARD IDENTIFIER
Standard number or code 8465
Source of number or code RID
040 ## - CATALOGING SOURCE
Transcribing agency OSt
084 ## - OTHER CLASSIFICATION NUMBER
Classification number P2
-- O57
-- E17
-- O4
Number source jelc
100 1# - MAIN ENTRY--PERSONAL NAME
Personal name Holzner, Mario
245 00 - TITLE STATEMENT
Title Mittel-, Ost- und Südosteuropa von der EU-Krise voll erfasst
260 ## - PUBLICATION, DISTRIBUTION, ETC.
Place of publication, distribution, etc. Wien :
Name of publisher, distributor, etc. Wiener Institut für Internationale Wirtschaftsvergleiche (wiiw),
Date of publication, distribution, etc. 2013.
300 ## - PHYSICAL DESCRIPTION
Extent 10 S.
490 1# - SERIES STATEMENT
Series statement wiiw Forschungsarbeiten in deutscher Sprache
Volume/sequential designation Juni 2013
500 00 - GENERAL NOTE
General note Sonderdruck aus: Monatsberichte des Österreichischen Instituts für Wirtschaftsforschung - WIFO, 86. Jahrgang (2013), Heft 5, S. 415-423.
650 ## - SUBJECT ADDED ENTRY--TOPICAL TERM
Topical term or geographic name entry element International Trade, Competitiveness and FDI
690 ## - LOCAL SUBJECT ADDED ENTRY--TOPICAL TERM (OCLC, RLIN)
Topical term or geographic name as entry element Labour, Migration and Income Distribution
690 ## - LOCAL SUBJECT ADDED ENTRY--TOPICAL TERM (OCLC, RLIN)
Topical term or geographic name as entry element Macroeconomic Analysis and Policy
650 ## - SUBJECT ADDED ENTRY--TOPICAL TERM
Topical term or geographic name entry element transitional economies
650 ## - SUBJECT ADDED ENTRY--TOPICAL TERM
Topical term or geographic name entry element comparative study
650 ## - SUBJECT ADDED ENTRY--TOPICAL TERM
Topical term or geographic name entry element economic growth
650 ## - SUBJECT ADDED ENTRY--TOPICAL TERM
Topical term or geographic name entry element fiscal and monetary policy
650 ## - SUBJECT ADDED ENTRY--TOPICAL TERM
Topical term or geographic name entry element macroeconomic forecast
650 ## - SUBJECT ADDED ENTRY--TOPICAL TERM
Topical term or geographic name entry element macroeconomic analysis
651 ## - SUBJECT ADDED ENTRY--GEOGRAPHIC NAME
Geographic name Albania
651 ## - SUBJECT ADDED ENTRY--GEOGRAPHIC NAME
Geographic name Bosnia and Herzegovina
651 ## - SUBJECT ADDED ENTRY--GEOGRAPHIC NAME
Geographic name Bulgaria
651 ## - SUBJECT ADDED ENTRY--GEOGRAPHIC NAME
Geographic name Croatia
651 ## - SUBJECT ADDED ENTRY--GEOGRAPHIC NAME
Geographic name Czech Republic
651 ## - SUBJECT ADDED ENTRY--GEOGRAPHIC NAME
Geographic name Estonia
651 ## - SUBJECT ADDED ENTRY--GEOGRAPHIC NAME
Geographic name Hungary
651 ## - SUBJECT ADDED ENTRY--GEOGRAPHIC NAME
Geographic name Kazakhstan
651 ## - SUBJECT ADDED ENTRY--GEOGRAPHIC NAME
Geographic name Latvia
651 ## - SUBJECT ADDED ENTRY--GEOGRAPHIC NAME
Geographic name Lithuania
651 ## - SUBJECT ADDED ENTRY--GEOGRAPHIC NAME
Geographic name Macedonia
651 ## - SUBJECT ADDED ENTRY--GEOGRAPHIC NAME
Geographic name Montenegro
651 ## - SUBJECT ADDED ENTRY--GEOGRAPHIC NAME
Geographic name Poland
651 ## - SUBJECT ADDED ENTRY--GEOGRAPHIC NAME
Geographic name Romania
651 ## - SUBJECT ADDED ENTRY--GEOGRAPHIC NAME
Geographic name Russia
651 ## - SUBJECT ADDED ENTRY--GEOGRAPHIC NAME
Geographic name Serbia
651 ## - SUBJECT ADDED ENTRY--GEOGRAPHIC NAME
Geographic name Slovakia
651 ## - SUBJECT ADDED ENTRY--GEOGRAPHIC NAME
Geographic name Slovenia
651 ## - SUBJECT ADDED ENTRY--GEOGRAPHIC NAME
Geographic name Turkey
651 ## - SUBJECT ADDED ENTRY--GEOGRAPHIC NAME
Geographic name Ukraine
700 1# - ADDED ENTRY--PERSONAL NAME
Personal name Astrov, Vasily
830 #0 - SERIES ADDED ENTRY--UNIFORM TITLE
Title of a work wiiw Forschungsarbeiten in deutscher Sprache
Volume/sequential designation Juni 2013
Bibliographic record control number WIIW0000107
856 ## - ELECTRONIC LOCATION AND ACCESS
Uniform Resource Identifier <a href="https://wiiw.ac.at/p-2908.html">https://wiiw.ac.at/p-2908.html</a>
942 ## - ADDED ENTRY ELEMENTS (KOHA)
Koha item type Paper
Holdings
Withdrawn status Lost status Damaged status Not for loan Home library Current library Shelving location Date acquired Inventory number Total Checkouts Barcode Date last seen Price effective from Koha item type
        WIIW WIIW Library 06/01/2013 8465   10005665 01/26/2017 01/26/2017 Paper
The Vienna Instiute for International Economic Studies (wiiw)